000 01012nam a2200313 4500
003 CO-CtgCURN
005 20250506215346.0
008 160627s2003 000 0 eng d
020 _a9587060318
040 _aCO-CtgCURN
_bspa
_ccoctgcurn
082 0 _aCo863
_bC112c
100 1 _aCaballero Calderon, Eduardo,
_d1910-1993.
245 1 3 _aEl Cristo de espaldas /
_cEduardo Caballero Calderon.
250 _a1a ed.
260 _aBogotá :
_bEl Tiempo,
_c2003.
300 _a185 p.
336 _2rdacontent
337 _2rdamedia
_asin mediacion
_bn
338 _2rdacarrier
_avolumen
_bnc
490 1 _aSerie Colombia ;
_v11
505 8 _aObra literaria
650 0 _aNovela colombiana.
650 0 _aViolencia polĂ­tica
_xNovela
_zColombia.
650 0 _aClero en la literatura
_zColombia.
650 0 _aSacerdotes colombianos
_xNovela
_vAspectos sociales.
908 _a160627
942 _cBK
_hCo863
_iC112c
_2ddc
999 _c48391
_d48391
_x1